The Lord of the Rings Trivia Part 2 - Statistieken

Algemene statistieken
  • Deze quiz is 4 keer genomen
  • De gemiddelde score is 3 van 10
Antwoordstatistieken
Hint Antwoord % Correct
What was the sword of Elendil called? Narsil
75%
Which of the three ages lasted the longest? Second Age
75%
Who was the father of Éomer and Éowyn? Éomund
50%
What is the name of Tom Bombadil's wife Goldberry
50%
Who was the brother of Isildur? Anárion
25%
Who was the king of Dale during the war of the ring? Brand
25%
What is the last battle called, in which Morgoth will return? Dagor Dagorath
0%
Who was Maeglin's Father Ëol
0%
What was Mirkwood's previous name? Greenwood
0%
What is the river that flowes from Erebor to the Sea of Rhûn River Running
0%
Geen overeenkomende quizzen gevonden
Scoreverdeling
Procent van Mensen met Elke Score
Percentiel versus Aantal Correcte Antwoorden
Uw Scoregeschiedenis
U heeft deze quiz nog niet genomen